CO MOŻE BYĆ W PRZENOŚNI „CZARNE”? - Statystyki

Ogólne statystyki
  • Ten quiz został rozwiązany 39 razy
  • Średni wynik to 2 z 6
Statystyki odpowiedzi
Odpowiedź % Poprawnych
HUMOR
72%
MYŚLI
66%
GODZINA
34%
LISTA
17%
ROBOTA
10%
ŚMIERĆ
10%
Nie znaleziono quizów pasujących do podanych kryteriów
Rozkład punktacji
Procent ludzi z każdym wynikiem
Percentyl według liczby udzielonych odpowiedzi
Twoja historia wyników
Nie rozwiązałeś tego quizu